000 00234nam a2200097Ia 4500
008 190216s9999||||xx |||||||||||||| ||und||
100 _aNull
245 0 _aHindi-Hindi Gal Samgrah
260 _bEnglish Language Book Society
942 _cBK
999 _c17506
_d17506